[Event "Katrineholm"]
[Site "Katrineholm"]
[Date "1999.05.13"]
[Round "3"]
[White "Lutz, Christopher"]
[Black "Fedorov, Alexei"]
[Result "1/2-1/2"]
[WhiteElo "2610"]
[BlackElo "2648"]
[Annotator "Rogozenco,D"]
[PlyCount "83"]
[EventDate "1999.05.??"]
[EventType "tourn"]
[EventRounds "9"]
[EventCountry "SWE"]
[EventCategory "12"]
[SourceTitle "CBM 071"]
[Source "ChessBase"]
[SourceDate "1999.08.01"]
[SourceVersion "1"]
[SourceVersionDate "1999.08.01"]
[SourceQuality "1"]

1. e4 {Schulz,A} c5 2. Nf3 d6 3. d4 cxd4 4. Nxd4 Nf6 5. Nc3 g6 6. Be3 Bg7 7. f3
O-O 8. Qd2 Nc6 9. O-O-O d5 10. exd5 Nxd5 11. Nxc6 bxc6 12. Bd4 Bxd4 13. Qxd4
Qc7 {One of the posibilities to avoid main variations, which became popular
after the game Almasi Z.-Georgiev Kir./Cacak/1996, where Black achieved a
comfortable draw.} (13... Qb6 {Schulz,A ist auch spielbar.}) 14. Bc4 (14. Qc5 {
seemed weaker in the above mentioned game.}) ({Die Annahme des Bauernopfers
kann nicht gut für Weiß ausgehen:} 14. Nxd5 {Schulz,A} cxd5 15. Qxd5 Be6 {
mit gefährlichem schwarzen Spiel auf den offenen Linien am Damenflügel.}) 14...
Nb6 15. Be2 (15. Qh4 Nxc4 16. Qxc4 Rb8 17. Qc5 $14 {Schulz,A: '1-0 Psakhis,
L-Borge,N/Eupen 1997/CBM 62 (32)'}) (15. Rhe1 Bf5 {Van Riemsdijk-Guimaraes/
Brasil/1998}) 15... Be6 (15... c5 {is weaker, Brodsky-Hodgson/Isle of Man/1996}
) 16. h4 {Novelty. This move I recommended as an alternative in my comments to
the game Rodriguez-Becerra/Cienfuegos/1997. In that game White played 16.g3
and achieved slightly better position. Rodriguez himself considered 16.h4 a
mistake, which gives Black good counterplay. Schulz,A: 'Rogozenkos Empfehlung
aus CBM 59'} (16. g3 {(Schulz,A) 1/2-1/2 Rodriguez,A-Becerra Rivero,J/
Cienfuegos 1997/CBM 59 (37)}) 16... Rfd8 17. Qe3 Rxd1+ 18. Rxd1 Qh2 {<=>,
Rodriguez.} 19. Qg5 Nd5 $1 (19... f6 20. Qe3 (20. Qc5 $5) 20... Kf7 21. Qh6 Kg8
{Doesn´t look very attractive for Black, although maybe it´s not that bad.})
20. Nxd5 (20. Ne4 f6 21. Qg3 Qxg3 22. Nxg3 Ne3 23. Rg1 Rd8 $11) 20... cxd5 21.
Bd3 Re8 {Now the position is balanced. Black succeded to improve the pawn
structure and has a very active Queen, while the Rook must defend the position
against White´s Queen.} 22. h5 {Schulz,A: 'Droht 23.hxg6 und 24.Lxg6'} f6 23.
Qe3 Bf7 24. hxg6 hxg6 25. Bb5 Rb8 26. a4 (26. Bc6 $5 {Schulz,A}) 26... Rb7 (
26... Qxg2 27. Qxe7 $1 (27. Qxa7 Rc8 28. Bd3 e5 $132) 27... Rc8 (27... Qg5+ 28.
Kb1 $16) (27... Qxf3 28. Rf1 $16) 28. Bd3 $16) 27. Bc6 Rc7 28. Bxd5 Bxd5 29.
Rxd5 Qxg2 30. Qe4 $13 Kf7 31. b3 {White pieces are looking better, especially
the Queen in the centre and Black´s King is more exposed. Very interesting to
see how Alexey Fedorov is trying to exploit this last factor into his favor.} (
31. Rd2 $5 Qg1+ 32. Rd1 Qg2 33. b3 $13) 31... f5 32. Qd3 Kf6 $5 {How can Black
play active? It´s too dangerous to move the pawns, but Black has something
else in mind...} 33. Kb2 Qf2 34. b4 Kg5 $1 {It turns out that the King can be
active without major risks. First of all he is protected with the pawns anyway,
secondly the Queens swap usually is in Black´s favor. These factors together
with the counterplay on c2 makes tha position dangerous for both sides.} 35.
Kb3 Kf4 36. c3 {'?!' Schulz,A. Schulz,A: 'Mit einer Falle als Absicht, stellt
aber letztlich den Bauern f3 als Konsequenz ein.'} (36. Rd4+ Kg3 (36... Kg5 {
Schulz,A} 37. f4+ Kf6 38. c3) 37. f4+ Qf3 38. Qxf3+ Kxf3 $13 {This sharp
endgame it´s difficult to evaluate. I think Black is not worse thanks to the
possibility to create a quick counterplay with e7-e5 and g6-g5.}) 36... e5 {
'!' Schulz,A. Black succeded a lot in the last few moves. Now is White who
must be looking for a draw.} (36... Qxf3 $2 37. Rd4+ Kg3 38. Qd2 $1 {'-+'
Schulz,A. with the decisive attack, e.g. Schulz,A: 'und Schwarz wird Matt oder
verliert die Dame.'} Qh5 39. Qf4+ Kg2 40. Rd2+) 37. Rd6 $1 Qxf3 (37... g5 $2
38. Rf6 $18) 38. Qd2+ Qe3 39. Qh2+ Kg5 (39... Kf3 40. Qh1+ Kf2 41. Qh2+ $11 {
with the same result.}) 40. Qg2+ Kh4 41. Qh2+ Kg5 42. Qg2+ 1/2-1/2

[Event "Bundesliga 0102"]
[Site "Germany"]
[Date "2001.11.25"]
[Round "4.5"]
[White "Handke, Florian"]
[Black "Polzin, Rainer"]
[Result "1/2-1/2"]
[WhiteElo "2384"]
[BlackElo "2469"]
[Annotator "Rogozenco,D"]
[PlyCount "58"]
[EventDate "2001.10.06"]
[EventType "team-tourn"]
[EventRounds "15"]
[EventCountry "GER"]
[SourceTitle "CBM 087"]
[Source "ChessBase"]
[SourceDate "2002.03.21"]
[SourceVersion "1"]
[SourceVersionDate "2002.03.21"]
[SourceQuality "1"]
[WhiteTeam "Wattenscheid"]
[BlackTeam "Neukoelln"]
[WhiteTeamCountry "GER"]
[BlackTeamCountry "GER"]

1. e4 {Ernst} c5 2. Nf3 d6 3. d4 cxd4 4. Nxd4 Nf6 5. Nc3 g6 6. Be3 Bg7 7. f3
O-O 8. Qd2 Nc6 9. O-O-O d5 10. exd5 Nxd5 11. Nxc6 bxc6 12. Nxd5 cxd5 13. Qxd5
Qc7 14. Qc5 Qb7 15. Qa3 Bf5 16. Bd3 Rab8 17. b3 Qc6 $5 (17... Rfc8 18. Bxf5
gxf5 $44 19. Rd3 Qc6 20. c4 Qg6 {Zakharstov-Timofeev/Russia(ch)/2001/} 21. Rd2
Qe6 22. Qxa7 Ra8 23. Qb6 Rc6 $1 (23... Qxb6 {Ernst} 24. Bxb6 Bh6 25. a4 $16)
24. Rd8+ (24. Qb7 {Ernst} Rcc8 $11) 24... Bf8 25. Rxa8 Rxb6 26. Bxb6 Qxb6 27.
Rd1 Qh6+ 28. Kb1 Qxh2 29. Rdd8 Qh1+ 30. Kb2 Qxg2+ 31. Ka3 Qxf3 32. Rxf8+ Kg7
$13) 18. Bxf5 (18. Qxe7 {Ernst} Qc3 19. Bxf5 gxf5 (19... Rfe8 {Ernst}) 20. Qc5
Qb2+ 21. Kd2 Rfe8 $44) (18. Qc5 {Ernst} Qf6 $13) 18... Qc3 $1 {A highly
plausible idea found by Mihail Golubev. He played it in an Internet blitz game
and then published it.  White is a piece and pawn up, but apparently cannot
achieve an advantage.} (18... gxf5 19. Bd4 (19. Qc5 $5 {Ernst} Qf6 20. Qd4 Qe6
21. Qd3 $14) 19... Rfc8 20. c4 Qh6+ 21. Kb1 Bxd4 22. Rxd4 e5 23. Rd6 Qf4 24.
Rhd1 Kg7 25. Qxa7 Qxc4 26. Qe3 Qc2+ 27. Ka1 f6 28. R6d2 $18 {1-0 Dubiel,
J-Zaskalski,A/Zakopane 2000 (43)}) 19. Qc5 (19. Bd3 Rbc8 $44 (19... Rfd8 $44
20. Rhf1 Rxd3 (20... Rbc8 {Ernst} 21. Rf2 Qa1+ 22. Kd2 Rxd3+ 23. cxd3 $18) 21.
Rxd3 Qa1+ 22. Kd2 Qxf1 23. g3 Qxf3 24. Qxa7 Qg2+ 25. Kc1 Rc8)) 19... Qb2+ 20.
Kd2 gxf5 21. Ke2 $146 {'?' Ernst.} (21. Qxf5 Qxa2 (21... e6 {Ernst} 22. Qe4)
22. Ke2 Rxb3 23. Bd4 Qa6+ 24. Kf2 Rb5 25. Qg4 e5 26. Be3 Rb2 27. Qf5 Qc8 $15 {
was played in the above mentioned Internet blitz game.}) 21... Rfc8 (21... Qxa2
22. Rd2 $1) (21... Rbc8 $5 22. Qxf5 Rxc2+ 23. Rd2 Rxd2+ 24. Bxd2 Qxa2 $13 25.
Rc1 $140 $2 Qxb3 26. Rc8 Qb7 $17) 22. Qxf5 Rxc2+ 23. Rd2 Rxd2+ 24. Bxd2 Qxa2
25. Rc1 $1 Qa6+ (25... Rd8 $6 26. Qa5 $1 Rxd2+ $140 27. Qxd2 Qxd2+ 28. Kxd2
Bh6+ 29. Kc2 Bxc1 30. Kxc1 {when only White has chances to win.}) (25... e6 {
Ernst} 26. Qc5 Qxb3 27. Qxa7 Qb5+ 28. Kf2 Rd8 29. Qa5 $15) 26. Rc4 Rd8 27. Be3
e6 28. Qc2 Qd6 29. Rc8 $11 Qa6+ 1/2-1/2

[Event "EU-chT (Men) 16th"]
[Site "Heraklion"]
[Date "2007.10.31"]
[Round "4.2"]
[White "Van den Doel, Erik"]
[Black "Guseinov, Gadir"]
[Result "0-1"]
[WhiteElo "2593"]
[BlackElo "2614"]
[Annotator "Rogozenco,D"]
[PlyCount "72"]
[EventDate "2007.10.28"]
[EventType "team-swiss"]
[EventRounds "9"]
[EventCountry "GRE"]
[SourceTitle "CBM 121"]
[Source "ChessBase"]
[SourceDate "2007.11.14"]
[SourceVersion "1"]
[SourceVersionDate "2007.11.14"]
[SourceQuality "1"]
[WhiteTeam "Netherlands"]
[BlackTeam "Azerbaijan"]
[WhiteTeamCountry "NED"]
[BlackTeamCountry "AZE"]

1. e4 c5 2. Nf3 g6 3. d4 cxd4 4. Nxd4 Nf6 5. Nc3 d6 6. Be3 Bg7 7. f3 Nc6 8. Qd2
O-O 9. O-O-O d5 10. exd5 Nxd5 11. Nxc6 bxc6 12. Bd4 Bxd4 13. Qxd4 Qc7 14. h4
$146 {It is curious that this move mentioned by yours truly 10 years ago in
CBM 67 (when the variation 13...Qc7 just appeared in practice) was never met
until the present game. Instead White found two other ways to achieve a slight
advantage and nobody seemed to be interested in trying something new.
Nevertheless the advance of the h-pawn is certainly one of the most ambitious
continuations.} (14. Bc4 e5 ({or} 14... Nb6 15. Be2 {which is also just
marginally better for White}) 15. Qd2 Be6 16. Ne4 $11 {/+/=}) (14. Qc5 Nxc3 15.
Qxc3 $11 {/+/=}) 14... e5 (14... h5 15. Bc4 Nb6 16. Bd3 $14 Be6 $140 (16... Rd8
17. Qe3 $14) 17. g4 $40) 15. Qc5 Qb6 16. Na4 Qxc5 17. Nxc5 $14 {The endgame is
slightly preferable for White thanks to the better pawn structure.} Rb8 18. a3
(18. c4 {at once was also possible, since after} Nb4 19. a3 Na6 20. Nxa6 Bxa6
21. Rd6 {Black still has problems to solve. For instance:} Bb7 (21... Rbc8 22.
Rd7 $16) 22. Be2 Rfd8 23. Rhd1 Rxd6 24. Rxd6 Kf8 (24... c5 25. Rd7 Kf8 26. Rc7)
25. c5 Ke7 26. Bc4 $16) 18... h5 (18... Kg7 19. h5 $14) 19. c4 Ne3 20. Re1 Nf5
$1 {Guseinov is rightly seeking for dynamic play.} ({In the event of} 20...
Nxf1 21. Rhxf1 $16 {the knight is clearly dominating the bishop.}) 21. Rxe5 Ng3
22. Rg1 Bf5 {With the help of a pawn sacrifice Black has activated the minor
pieces and for the moment has some initiative. It is not easy for White to
keep the advantage.} 23. Bd3 (23. Be2 f6 24. Re3 Rfe8 $44) 23... Bxd3 24. Nxd3
Rfd8 25. Nb4 {As usual it is difficult to choose between two continuations of
approximately same value.} ({The alternative was} 25. Kc2 Rd4 26. Kc3 Rxh4 (
26... Rbd8 27. Nb4 c5 28. Nd5 (28. Rxc5 $2 Ne2+ $19) (28. Nc6 Rd3+ 29. Kc2 Rd2+
$44) 28... Rxh4 29. b4 $16) 27. b4 {although after} Rd8 $1 {Black is still in
the game:} (27... Rh2 28. a4 h4 29. b5 $16) 28. Rge1 Kf8 (28... Rh2 29. Re8+
Rxe8 30. Rxe8+ Kg7 31. c5 Rxg2 32. b5 cxb5 33. c6 Nf5 34. c7 Nd6 35. Rd8 $18) (
28... Rdd4 29. Rc5 $16) 29. Ra5 Rd7 (29... Rdd4 $2 30. Ne5 $18) (29... Rhd4 30.
Ne5 $16) 30. Ne5 Re7 $14) 25... Rd4 26. b3 Rxh4 27. Kd2 $6 {Starting with this
moment White completely misses Black's counterplay.} (27. Kc2 $142 Rc8 28. Rc5
Nf5 (28... Ne2 29. Rd1 Nd4+ 30. Kb2 $1 Kf8 31. Rd2 $16 {[%csl Rc6,Rd4][%cal
Gb2c3,Gg2g3]} (31. g3 $2 Rh2+)) 29. Kc3 Ne7 (29... Nd4 30. Re1 {[%cal Gg2g3]}
Rd8 31. Nxc6 Nxc6 32. Rxc6 Rh2 33. Rg1 $16) 30. Re1 Kf8 31. Rce5 $14) 27... Rc8
$13 {/=} 28. Rc5 $6 (28. Re7 a5 29. Nd3 {leaves Black with a pleasant choice:}
Rd8 ({or} 29... a4 30. Kc3 axb3 31. Kxb3 $11) 30. Kc3 Rhd4 31. Rd1 h4 32. Re5 (
32. Re8+ Rxe8 33. Kxd4 Re2 $132) 32... Kg7 $13 33. Rxa5 $140 $2 Ne2+ 34. Kc2
Nf4 $19) (28. Kc3 $142 $13 {/=}) 28... Rd4+ 29. Kc2 (29. Ke3 $142 Rd6 (29...
Rcd8 $2 30. Nxc6 Rd3+ 31. Kf2 $18) 30. Kf2 h4 31. Re1 Rd2+ 32. Kg1 Ne2+ 33. Kh2
Nf4 34. Re4 Nxg2 (34... Rxg2+ 35. Kh1 Rd8 36. Rxf4 h3 37. Nd5 $1 $11) 35. Nxc6
Kg7 (35... Nf4+ 36. Kh1 $11) 36. Kh1 h3 $17) (29. Kc3 $2 Ne2+ $19) 29... Rcd8
$1 {Suddenly the white king is under strong attack due to the fact that the
c3-square is not available because of the check on e2.} 30. Rxc6 (30. Re1 Rd2+
31. Kc3 Ne2+ 32. Rxe2 Rxe2 33. Nxc6 Rd7 34. Rg5 Kg7 $19) ({The best practical
chances to escape would have come after} 30. Nxc6 Rd2+ 31. Kc3 (31. Kb1 R8d3
$19) 31... Ne2+ 32. Kb4 Nxg1 33. Nxd8 Rxd8 34. Re5 $1) 30... Rd2+ 31. Kb1 Ne2
32. Rh1 (32. Re1 Nc3+ 33. Kc1 Rxg2 34. Nd5 Nxd5 35. cxd5 Rxd5 36. Rc2 Rxc2+ 37.
Kxc2 h4 $19) 32... Nc3+ 33. Kc1 Rxg2 34. Rc5 (34. Nd5 Nxd5 35. cxd5 Rxd5 36.
Rc2 Rdg5 37. b4 (37. Rd1 h4 $19) 37... Rg1+ 38. Rxg1 Rxg1+ 39. Kb2 h4 $19)
34... Ne2+ 35. Kb1 Rd2 36. Nd5 Nd4 {White resigned due to the inevitable mate}
(36... Nd4 37. Rc8+ Kg7 38. Rb8 Rb2+ 39. Ka1 Ra2+ 40. Kb1 Rgb2+ 41. Kc1 Ne2+ {
and mate next move.}) 0-1

[Event "UKR-ch"]
[Site "Ordzhonikidze"]
[Date "2001.09.08"]
[Round "1"]
[White "Rogovski, Vladimir"]
[Black "Golubev, Mikhail"]
[Result "1/2-1/2"]
[WhiteElo "2443"]
[BlackElo "2526"]
[Annotator "Rogozenco,D"]
[PlyCount "76"]
[EventDate "2001.09.08"]
[EventType "swiss"]
[EventRounds "9"]
[EventCountry "UKR"]
[SourceTitle "CBM 086"]
[Source "ChessBase"]
[SourceDate "2002.02.05"]
[SourceVersion "1"]
[SourceVersionDate "2002.02.05"]
[SourceQuality "1"]

1. e4 c5 2. Nf3 d6 3. d4 cxd4 4. Nxd4 Nf6 5. Nc3 g6 6. Be3 Bg7 7. f3 O-O 8. Qd2
Nc6 9. O-O-O d5 10. Nxc6 bxc6 11. Bh6 {For more information about this
sideline look in the CBM 74.} Bxh6 12. Qxh6 Qb6 {The Dragon specialist Mikhail
Golubev chooses the most logical continuation. Black is ready for counterplay
on the queenside.} 13. e5 ({Another critical continuation is the immediate 13.
h4.} 13. h4 Rb8 14. b3 Qc5 15. Kb2 dxe4 16. h5 g5 17. f4 $1 Ng4 {0-1 Petursson,
P-Schuette,M/Bayern 1998/ (25)} (17... gxf4 18. Qxf4 $16) 18. Nxe4 Nxh6 19.
Nxc5 gxf4 20. Nd7 Bxd7 21. Rxd7 $14) 13... Nd7 14. h4 Nxe5 (14... Rd8 $2 15. h5
Nf8 16. hxg6 fxg6 17. Bd3 Rb8 18. b3 Qb4 (18... Qa5 19. Na4 Ba6 $4 {[#]} 20.
Bxg6 hxg6 21. e6 $1 {1-0 Bellini,F-Raeber,M/SUI 1996}) 19. Ne2 c5 20. Nf4 Rb6
21. Bc4 $1 $16 {1-0 Peschlow,P-Roos,M/Dortmund 1997 (26)}) 15. h5 Bf5 16. g4 (
16. hxg6 Bxg6 $17) 16... f6 $1 {In Dragon system one needs tactics not only to
attack, but also to defend.} 17. Qf4 (17. gxf5 g5 $19 {[%csl Rh6][%cal Ge5f7]})
17... Rab8 (17... Bd7 18. hxg6 Nxg6 (18... hxg6 $5 19. Qh6 Kf7) 19. Qh6 Rf7 20.
Bd3 Nf8 21. Rde1 Rb8 22. b3 Qb4 $13 {1/2-1/2 Schmitt,T-Werner,V/Germany 1993 
(44)}) 18. b3 g5 $5 {An impressive play by Black. It turns out that white
queen can be cought on f5 too!} (18... Bd7 {looks possible and Black must have
good counterchances, but the game idea was worth playing it.}) 19. Qxf5 Qe3+
20. Kb2 Rf7 $1 {Now the threat is 21. ... e6 22.Qxe6 Nc4+ winning the queen.
White was lucky to find a defence against it.} 21. Bd3 e6 22. Rhe1 {The only
sensible way to save the queen.} Qxe1 23. Qxh7+ (23. Rxe1 $2 exf5) 23... Rxh7
24. Bxh7+ Kxh7 25. Rxe1 {It is very difficult to make a precise evaluation of
this endgame, since the pawn structure is very unbalanced. Still one can say
that Black's structure is more compact and the pawn f3 is very weak. Black
should be better.} Rb4 (25... Kg7 $5) 26. Ne2 (26. Na4 $2 Rf4 27. Nc5 Rxf3 28.
Nxe6 Nxg4 $19) 26... Nxf3 27. Rf1 Rxg4 $5 {This must have been very tempting
for Mikhail, but was probably not necessary at all.} (27... Ne5 $1 28. Rxf6 Re4
$1 {With the help of this move Black protects pawn e6 and has resonable
winning chances. It is amazing that first the queen on e3, now the rook on e4
protect that pawn, although black knight is still on e5.} 29. Nc3 Re1 30. Rf8 (
30. a4 Kg7 $1) (30. Rxe6 $2 Nd3+ 31. cxd3 Rxe6 $19) 30... Nxg4 31. Rf7+ Kh6 32.
Rxa7 Ne5 33. a4 g4 {must favour Black.}) 28. Rxf3 f5 29. Re3 f4 30. Nxf4 (30.
Rxe6 f3 31. Re3 fxe2 32. Rxe2 Re4 $1 $17) 30... Rxf4 31. Rxe6 Rf7 (31... g4 32.
Rg6 $11 (32. Rxc6 Rf7 (32... g3 $2 33. Rg6) 33. Rc3 Kh6 $17)) 32. Kc3 (32. Rg6
$2 Rg7) 32... g4 33. Kd3 g3 34. Rg6 Rg7 35. Rxg7+ Kxg7 36. Ke3 Kh6 37. Kf3 Kxh5
38. Kxg3 Kg5 1/2-1/2

[Event "FIDE-Wch k.o."]
[Site "Moscow"]
[Date "2001.11.27"]
[Round "1.1"]
[White "Shovunov, Baatr"]
[Black "Ivanchuk, Vassily"]
[Result "1/2-1/2"]
[WhiteElo "2353"]
[BlackElo "2731"]
[Annotator "Rogozenco,D"]
[PlyCount "55"]
[EventDate "2001.11.27"]
[EventType "k.o."]
[EventRounds "7"]
[EventCountry "RUS"]
[SourceTitle "CBM 086"]
[Source "ChessBase"]
[SourceDate "2002.02.05"]
[SourceVersion "1"]
[SourceVersionDate "2002.02.05"]
[SourceQuality "1"]

{This game deserves attention manly by the fact that Ivanchuk played Dragon
with Black against his own pet line.} 1. e4 c5 2. Nf3 d6 3. d4 Nf6 4. Nc3 cxd4
5. Nxd4 g6 6. Be3 Bg7 7. f3 O-O 8. Qd2 Nc6 9. O-O-O d5 10. Nxc6 bxc6 11. exd5
Nxd5 12. Nxd5 {Thanks ti Ivanchuk this line gained popularity lately.} cxd5 13.
Qxd5 Qc7 14. Qc5 Qb7 {It is interesting that Ivanchuk plays this move and not
14. ... Qb8, what was Federov's decision after he lost to .... Ivanchuk by
playing 14. ... Qb7.} (14... Qb8 15. Qa3 Be6 16. Ba6 Qe5 17. g3 Rad8 18. Bf4
Qf6 19. Rhe1 Bf5 20. Rxd8 Rxd8 21. c3 Qb6 22. Be3 Bh6 23. f4 Qc6 24. Bd2 Qd5
25. Re2 e5 26. Qa4 exf4 27. gxf4 Bxf4 28. Re8+ Kg7 29. Qxf4 Rxe8 30. Bc4 Qh1+
31. Bf1 Kg8 {0-1 Adams,M-Fedorov,A/Wijk aan Zee 2001}) 15. Qa3 Bf5 16. Bd3 Rab8
17. b3 Rfc8 (17... Rbc8 18. Bxf5 gxf5 19. Rd3 Qc6 20. c4 Qf6 21. Rhd1 Rc6 22.
Bd4 e5 23. Bc3 Ra6 24. Qb2 $16 {1-0 Ivanchuk,V-Fedorov,A/Polanica Zdroj 2000/ 
(39)}) 18. Bxf5 gxf5 19. Qa5 {That's a pity. Most critical is the move 19.Rd3.}
(19. Rd3 Qc6 (19... Qc7 20. c4 a5 (20... Qe5 21. Rhd1 Qa1+ 22. Kc2 Qf6 23. Bd4
e5 24. Bc3 Qh4 25. R1d2 Qxh2 26. Qe7 $16 {1-0 Solak,D-Kozhuharov,S/Yerevan
2000/ (36)}) 21. Rhd1 Ra8 22. Rd7 Qe5 23. Bd4 Qf4+ 24. Kb1 Bf8 25. Qc1 Qxc1+
26. Kxc1 f6 27. Ra7 $18 {1-0 Movsesian,S-Fedorov,A/Polanica Zdroj 2000/ (56)})
20. c4 Qg6 (20... f4 21. Bxf4 Qf6 22. Bxb8 Qa1+ 23. Kc2 Qxh1 24. Bf4 Qxg2+ 25.
Bd2 Qxh2 26. Qxe7 $16 {1-0 Giaccio,A-Hoffman,A/Buenos Aires 2001/ (38)}) 21. f4
(21. Rhd1 Qxg2 22. Bd4 Bxd4 23. Rxd4 Qxf3 24. Qb2 Qe3+ 25. Kb1 e5 26. Rd7 Rc6
$13 {1-0 Pinter,G-Kanovsky,D/Balatonlelle 2001/ (41)}) 21... Qxg2 $13 {0-1
Zakharstov,V-Timofeev,A/Elista RUS 2001/ (47). For more detailes look to the
annotations of this game in CBM83.}) 19... Qc6 20. c4 Qe6 21. Rd3 (21. Rhe1
Rxc4+ 22. Kb1 Rcc8 23. Bd4 $4 Rxb3+ {0-1 Einarsson,H-Angantysson,H/Reykjavik
1984}) (21. Bxa7 Rxc4+ 22. Kb1 Bc3 $17 23. Qa3 (23. Rd8+ Kg7 $1) 23... f4 $1 {
[%csl Rb1][%cal Ge6f5,Ge6g6,Rh7b1]}) 21... Rxc4+ 22. Kb1 (22. bxc4 $2 Qxc4+ 23.
Kd2 Rb2+ $19) 22... h5 (22... Rcc8 23. Rhd1 $14) 23. Rd8+ Rxd8 24. Qxd8+ Kh7
25. bxc4 Qxe3 26. Rd1 {Strong bishop on g7 and exposed white king give Black
good compensation for the exchange. Still White can be better rather quick if
Black does nothing. White's task is of course to trade queens or advance the
c-pawn.} e6 $2 (26... Qc3 $1 {It remains unclear why Ivanchuk didn't make this
strong move.}) 27. Qd3 Qb6+ 28. Qb3 (28. Qb3 Qf2 29. g4 $1 {having the idea to
open diagonal b1-h7. The endgame would favour White, for instance:} hxg4 30.
fxg4 fxg4 31. Qc2+ Qxc2+ 32. Kxc2 Be5 33. c5 Bxh2 34. c6 Kg6 (34... Be5 35. Kd3
Kg6 36. Ke2 f5 37. Rd7 f4 38. c7 Bxc7 39. Rxc7 $18) 35. Rd7 $18) 1/2-1/2